000 00658nam a2200157 a 4500
001 000005398
005 20200929151651.0
008 090819s1989 dr a 000 0 spa d
040 _aDO-SdBNP
_bspa
_cBNPHU
082 _axxxx
_bM294
245 0 0 _aManual inspección de obras dañadas por corrosión de armaduras :
_bprograma temático del consejo de investigación científicas, corrosión y protección de materiales.
260 _aMadrid, España :
_bCentro Nacional de Investigación Metalurgicas ;
_bInstituto Eduardo Torroja de Ciencias de la Construcción,
_c1989.
300 _a122 p. :
_bil. ;
_c25 cm.
504 _aBibliografía : p. 94
049 _aBNPD
999 _c5198
_d5198